| 000 | 00623nam a2200193Ia 4500 | ||
|---|---|---|---|
| 003 | GCL | ||
| 008 | 140319s9999 xx 000 0 ara d | ||
| 040 |
_aGCL / _cGCL |
||
| 082 | 0 | 4 |
_aق _b962.103 _bس م |
| 100 | 1 | _aسعاد ماهر محمد | |
| 245 | 1 | 0 |
_aمحافظات الجمهورية العربية المتحدة وآثارها الباقية فى العصر الاسلامى / _cسعاد ماهر محمد |
| 300 | _aطj | ||
| 650 | 0 | 4 | _aمصر |
| 650 | 0 | 4 | _aتاريخ |
| 650 | 0 | 4 | _aالعمارة الاسلامية |
| 650 | 0 | 4 | _aالمساجد |
| 650 | 0 | 4 | _aالمساجد - تاريخ |
| 942 |
_2ddc _cBK |
||
| 999 |
_c42418 _d42418 |
||